| 000 | 00444nam a22001817a 4500 | ||
|---|---|---|---|
| 005 | 20260402112319.0 | ||
| 008 | 260402b |||||||| |||| 00| 0 eng d | ||
| 020 | _a9789351430469 | ||
| 041 | _aEnglish | ||
| 082 | _a345.5405 SAR | ||
| 100 | _a Sarkar, S.C | ||
| 245 | _aCode of Criminal Procedure - Vol.2 | ||
| 250 | _a10th | ||
| 260 |
_aNew Delhi: _bLexisNexis, _c2014. |
||
| 300 | _a2680 p | ||
| 650 | _bCriminal Procedure | ||
| 942 | _cDB | ||
| 999 |
_c9580 _d9580 |
||